Mechanical measurements / (Record no. 615926)

000 -LEADER
fixed length control field 01194cam a2200349 i 4500
001 - CONTROL NUMBER
control field 410597
005 - DATE AND TIME OF LATEST TRANSACTION
control field 20260126140627.0
008 - FIXED-LENGTH DATA ELEMENTS--GENERAL INFORMATION
fixed length control field 801030s1982 maua b 001 0 eng
010 ## - LIBRARY OF CONGRESS CONTROL NUMBER
LC control number 80026718
020 ## - INTERNATIONAL STANDARD BOOK NUMBER
International Standard Book Number 0201000369 :
Terms of availability $27.95 (est.)
020 ## - INTERNATIONAL STANDARD BOOK NUMBER
International Standard Book Number 9780201000368
035 ## - SYSTEM CONTROL NUMBER
System control number 410597
040 ## - CATALOGING SOURCE
Original cataloging agency DLC
Transcribing agency DLC
Modifying agency DLC
050 00 - LIBRARY OF CONGRESS CALL NUMBER
Classification number TA165
Item number .B38 1982
082 00 - DEWEY DECIMAL CLASSIFICATION NUMBER
Classification number 620.0044 BEC'M
Edition number 19
100 1# - MAIN ENTRY--PERSONAL NAME
Personal name Beckwith, T. G.
Fuller form of name (Thomas G.)
245 10 - TITLE STATEMENT
Title Mechanical measurements /
Statement of responsibility, etc. Thomas G. Beckwith, N. Lewis Buck, Roy D. Marangoni.
250 ## - EDITION STATEMENT
Edition statement 3d ed.
260 ## - PUBLICATION, DISTRIBUTION, ETC.
Place of publication, distribution, etc. Reading, Mass. :
Name of publisher, distributor, etc. Addison-Wesley Pub. Co.,
Date of publication, distribution, etc. c1982.
300 ## - PHYSICAL DESCRIPTION
Extent xvi, 730 p. :
Other physical details ill. ;
Dimensions 24 cm.
336 ## - CONTENT TYPE
Content type term text
Content type code txt
Source rdacontent
337 ## - MEDIA TYPE
Media type term unmediated
Media type code n
Source rdamedia
338 ## - CARRIER TYPE
Carrier type term volume
Carrier type code nc
Source rdacarrier
504 ## - BIBLIOGRAPHY, ETC. NOTE
Bibliography, etc. note Includes bibliographical references and index.
650 #0 - SUBJECT ADDED ENTRY--TOPICAL TERM
Topical term or geographic name entry element Engineering instruments.
650 #0 - SUBJECT ADDED ENTRY--TOPICAL TERM
Topical term or geographic name entry element Measuring instruments.
700 1# - ADDED ENTRY--PERSONAL NAME
Personal name Buck, N. Lewis
Fuller form of name (Nelson Lewis),
Relator term joint author.
9 (RLIN) 132905
700 1# - ADDED ENTRY--PERSONAL NAME
Personal name Marangoni, Roy D.,
Relator term joint author.
906 ## - LOCAL DATA ELEMENT F, LDF (RLIN)
a 7
b cbc
c orignew
d u
e ocip
f 19
g y-gencatlg
942 ## - ADDED ENTRY ELEMENTS (KOHA)
Source of classification or shelving scheme
Koha item type Book
Holdings
Withdrawn status Lost status Source of classification or shelving scheme Damaged status Not for loan Permanent Location Current Location Shelving location Date acquired Total Checkouts Full call number Barcode Date last seen Price effective from Koha item type Public note
          College of Electrical & Mechanical Engineering (CEME) College of Electrical & Mechanical Engineering (CEME) General Stacks 01/26/2026   620.0044 BEC'M CEME-28311 01/26/2026 01/26/2026 Book 4.1
© 2023 Central Library, National University of Sciences and Technology. All Rights Reserved.